<?xml version="1.0" encoding="UTF-8"?>
<marc:record xmlns:marc="http://www.loc.gov/MARC21/slim">
   <marc:leader>00000nam a2200000 a 4500</marc:leader>
   <marc:datafield ind1="1" ind2=" " tag="100">
      <marc:subfield code="a">Schmid, Sophie</marc:subfield>
      <marc:subfield code="4">aut</marc:subfield>
      <marc:subfield code="e">Verfasser/-in</marc:subfield>
   </marc:datafield>
   <marc:datafield ind1="0" ind2="0" tag="245">
      <marc:subfield code="a">Das große Kuscheln</marc:subfield>
   </marc:datafield>
   <marc:datafield ind1=" " ind2="1" tag="264">
      <marc:subfield code="b">Edition Nilpferd</marc:subfield>
      <marc:subfield code="c">2024</marc:subfield>
   </marc:datafield>
   <marc:datafield ind1="1" ind2=" " tag="520">
      <marc:subfield code="a">"Der Tiger leidet an der Großen Unkuscheligkeit, immer meckert er nur herum. Die anderen Tiere gehen in Deckung, wenn er um die Ecke biegt, leider nicht immer rechtzeitig. Dann erklärt er ihnen lauthals alles, was ihm nicht passt! Doch eines Tages klopft es an seiner Tür. Draußen steht &amp;#x2013; ein Kuscheltier. Es zieht beim Tiger ein und geht nicht wieder weg, da kann er sich auf dem Boden wälzen und mit den Beinen strampeln, soviel er will. Das Kuscheltier erteilt ungerührt Unterricht in Sachen Freundlichkeit, Rücksichtnahme und Höflichkeit. Und all das soll der Tiger auch noch üben! Kann er der Großen Kuscheligkeit widerstehen?" (www.ggverlag.at)</marc:subfield>
   </marc:datafield>
   <marc:datafield ind1=" " ind2=" " tag="020">
      <marc:subfield code="a">9783707453003</marc:subfield>
      <marc:subfield code="9">9783707453003</marc:subfield>
   </marc:datafield>
</marc:record>
